00529nam a22002057a 4500003000500000005001700005008004100022010001000063011001000073035001000083040000900093082001700102100002200119245005100141260003700192300001900229650002600248650002800274700002100302CHAP20220329135756.0971013s1969 us a r 00010 eng d a41875 a42847 a46977 cCHAP04a636.0896bM900aMyers, J. Arthur.1 aBovine tuberculosis control in man and animals aSt. Louis, Mo., :b(s.e.),c1969 a403 p.b: ilus14aGanadoxEnfermedades.14aTuberculosis en ganado.0 aSteele, James H.